Dinge mit C - Statistiken

Allgemein
  • Dieses Quiz wurde 195 mal gespielt
  • Das Durchschnittsergebnis liegt bei 13 aus 20
Antwortstatistiken
Bildquiz Antwort % Korrekt
Clown
96%
Cello
93%
Currywurst
92%
Couch
90%
Cappuccino
87%
Champignons
87%
Chrome
85%
Charlie Chaplin
83%
Christbaum
83%
Cornflakes
83%
Champagner
72%
Camembert
67%
Capybara
64%
Cord
59%
Costa Rica
57%
Code
51%
Chiemsee
41%
Caipirinha
36%
Collage
11%
Chanson
3%
Keine übereinstimmenden Quizze gefunden
Verteilung der Resultate
Anzahl Personen mit jedem Resultat
Perzentil nach korrekt beantworteten Fragen
Ihre Resultats-Entwicklung
Sie haben dieses Quiz noch nicht gespielt